01465nam a2200361Ia 4500001001200000003000800012006001900020007001500039008004100054010001700095020001500112020001800127040002100145035002100166050002300187100003000210245008200240260002700322300002400349490001900373490008600392504005100478533015200529650005900681651004100740651003500781651004000816655002900856710001700885830005500902830002000957856012600977ebr10491529CaPaEBRm u cr cn|||||||||101108s2010 enkb sb 001 0 eng d z 2010674698 z1906598258 z9781906598259 aCaPaEBRcCaPaEBR a(OCoLC)75471817814aF1438b.S78 2010eb1 aStreeter, Michael,d1957-10aCentral America and the Caribbeanh[electronic resource] /cMichael Streeter. aLondon :bHaus,c2010. avii, 231 p. :bmap.1 aHaus histories1 aMakers of the modern world : the peace conferences of 1919-23 and their aftermath aIncludes bibliographical references and index. aElectronic reproduction.bPalo Alto, Calif. :cebrary,d2013.nAvailable via World Wide Web.nAccess may be limited to ebrary affiliated libraries. 0aWorld War, 1914-1918xParticipation, Central American. 0aCentral AmericaxHistoryy1821-1951. 0aCentral AmericaxCivilization. 0aCentral AmericaxForeign relations. 7aElectronic books.2local2 aebrary, Inc. 0aMakers of the modern world (Haus Publishing, Ltd.) 0aHaus histories.40uhttp://site.ebrary.com/lib/rucke/Doc?id=10491529zAn electronic book accessible through the World Wide Web; click to view